Amor y pedagogía
Furkejuvvon:
| Váldodahkki: | |
|---|---|
| Materiálatiipa: | Dovdameahttun |
| Giella: | Spanish |
| Almmustuhtton: |
Barcelona, España
Bruguera
1986
|
| Fáttát: | |
| Fáddágilkorat: |
Lasit fáddágilkoriid
Eai fáddágilkorat, Lasit vuosttaš fáddágilkora!
|
MARC
| LEADER | 00000 a2200000 4500 | ||
|---|---|---|---|
| 008 | 190327b ||||| |||| 00| 0 spa d | ||
| 999 | |c 30689 |d 30689 | ||
| 040 | |a cru BVZT | ||
| 090 | |a 862 U-2am | ||
| 100 | |a Unamuno, Miguel de |d 1864-1936 |q Unamuno y Jugo, Miguel de | ||
| 245 | |a Amor y pedagogía |c Miguel de Unamuno | ||
| 260 | |a Barcelona, España |b Bruguera |c 1986 | ||
| 300 | |a 211 páginas | ||
| 630 | |l Español | ||
| 650 | 0 | |9 23 |a LITERATURA ESPAÑOLA | |
| 650 | 0 | |9 13 |a NOVELA | |
| 942 | |c 15 D |h 862 U-2am |2 z | ||
